Normal view
MARC view
- Mechanical & Manufacturing Engineeing MS-Thesis
Entry Topical Term
001 - CONTROL NUMBER
- control field: 35516
003 - CONTROL NUMBER IDENTIFIER
- control field: NUST
005 - DATE AND TIME OF LATEST TRANSACTION
- control field: 20201123094450.0
008 - FIXED-LENGTH DATA ELEMENTS
- fixed length control field: 201123|| aca||aabn | a|a d
040 ## - CATALOGING SOURCE
- Original cataloging agency: NUST
- Transcribing agency: NUST
150 ## - HEADING--TOPICAL TERM
- Topical term or geographic name entry element: Mechanical & Manufacturing Engineeing MS-Thesis
670 ## - SOURCE DATA FOUND
- Source citation: Work cat.: (NUST): Muhammad Ali Abbas, Syed 35515, Experimental study of process parameter of sand casting of copper alloy combined with simulation technique /, 2017.
